000
00329nam a2200121Ia 4500
008
220216s9999 xx 000 0 und d
245
0
_a
Guthrie medicare products : Continuing the tradition in excellence
260
_b
Rubber Asia
_c
2002
300
_a
116-119
650
_a
Rubber glove
650
_a
Surgical gloves
942
_c
JS
999
_c
60207
_d
60207